| 000 | 00702nac a22002051u 4500 | ||
|---|---|---|---|
| 010 | _a 2004028048 | ||
| 082 | 0 | 0 |
_a693.834 _bHAN |
| 090 |
_c8199 _d8199 |
||
| 100 | _aHansen, Colin H., | ||
| 245 | 1 | 0 |
_aNoise control : _bfrom concept to application / _cColin Hansen. |
| 260 |
_aNew York, NY : _bSpon Press,c.2005. _cc.2005. |
||
| 300 | _ap. cm. | ||
| 500 | _aDistributer: Al-Ahram. | ||
| 504 | _aIncludes bibliographical references and index. | ||
| 511 | _aCatalogued By: Mahitab. | ||
| 650 | 0 | _aSoundproofing. | |
| 650 | 0 | _aNoise control. | |
| 856 | 4 | 1 |
_3Table of contents _uhttp://www.loc.gov/catdir/toc/ecip054/2004028048.html |
| 942 |
_cBB _k693.834HAN |
||
| 999 |
_c8199 _d8199 |
||